2005-2006 Crusaders Super Rugby Final Starting Teams - Statistics

General Stats
  • This quiz has been taken 61 times
  • The average score is 12 of 18
Answer Stats
Answer % Correct
Richard McCaw
100%
Daniel Carter
98%
Justin Marshall
91%
Leon MacDonald
83%
Chris Jack
79%
Corey Flynn
79%
Reuben Thorne
79%
Aaron Mauger
74%
Greg Somerville
66%
Rico Gear
62%
Scott Hamilton
62%
Caleb Ralph
60%
Casey Laulala
49%
Wyatt Crockett
45%
Dave Hewett
38%
Kevin Senio
38%
Mose Tuiali'i
32%
Ross Filipo
30%
No matching quizzes found
Score Distribution
Percent of People with Each Score
Percentile by Number Answered
Your Score History
You have not taken this quiz